[Event "RA-2014-0-00340"]
[Site "LSS email"]
[Date "2014.08.11"]
[Round "?"]
[White "Lizorkina, Veronika"]
[Black "Benassi, Aspasio"]
[Result "0-1"]
[WhiteElo "2177"]
[BlackElo "2202"]
[PlyCount "34"]
[EventDate "2014.07.14"]
[EventType "tourn (corr)"]
[EventRounds "6"]
[EventCountry "GER"]
[SourceTitle "Corr 2022"]
[Source "ChessBase"]
[SourceDate "2021.10.24"]
[SourceVersion "1"]
[SourceVersionDate "2021.10.24"]
[SourceQuality "1"]

1. e4 c5 2. Nf3 d6 3. Bb5+ Bd7 4. Bxd7+ Qxd7 5. c4 g6 6. d4 cxd4 7. Nxd4 Bg7 8. Nc3 Nf6 9. f3 0-0 10. Be3 Nc6 11. 0-0 a6 12. Qd3 Qc7 13. b3 Qa5 14. Rfd1 Rfe8 15. Rac1 Nd7 16. Nde2 Nc5 17. Qd2 b5 0-1

[Event "RA-2014-0-00340"]
[Site "LSS email"]
[Date "2014.08.11"]
[Round "?"]
[White "Willmann, Bernd"]
[Black "Lizorkina, Veronika"]
[Result "0-1"]
[WhiteElo "2179"]
[BlackElo "2177"]
[PlyCount "46"]
[EventDate "2014.07.14"]
[EventType "tourn (corr)"]
[EventRounds "6"]
[EventCountry "GER"]
[SourceTitle "Corr 2022"]
[Source "ChessBase"]
[SourceDate "2021.10.24"]
[SourceVersion "1"]
[SourceVersionDate "2021.10.24"]
[SourceQuality "1"]

1. e4 e6 2. d4 d5 3. exd5 exd5 4. Nf3 Nf6 5. Bd3 Bd6 6. 0-0 0-0 7. Bg5 Be6 8. Nbd2 Nbd7 9. c4 h6 10. Bh4 g5 11. Bg3 Bxg3 12. hxg3 c6 13. Qc2 Re8 14. Rfe1 dxc4 15. Nxc4 Qc7 16. b3 Nd5 17. Qc1 N7f6 18. a3 a6 19. Ra2 Nh5 20. Rae2 Ng7 21. Qb1 Nc3 22. Qb2 Nxe2+ 23. Rxe2 Bf5 0-1

[Event "BI-2014-P-0000"]
[Site "LSS email"]
[Date "2014.04.19"]
[Round "?"]
[White "Soreghy, Janos"]
[Black "Lizorkina, Veronika"]
[Result "1-0"]
[WhiteElo "1740"]
[BlackElo "2141"]
[PlyCount "77"]
[EventDate "2014.04.25"]
[EventType "tourn (corr)"]
[EventRounds "10"]
[EventCountry "GER"]
[SourceTitle "Corr 2022"]
[Source "ChessBase"]
[SourceDate "2021.10.24"]
[SourceVersion "1"]
[SourceVersionDate "2021.10.24"]
[SourceQuality "1"]

1. d4 Nf6 2. c4 e6 3. Nf3 b6 4. g3 Ba6 5. b3 Bb4+ 6. Bd2 Be7 7. Nc3 0-0 8. e4 d5 9. cxd5 Bxf1 10. Kxf1 exd5 11. e5 Ne4 12. Qe2 Nxc3 13. Bxc3 c5 14. Kg2 Qd7 15. Rhe1 Qe6 16. Rac1 Nc6 17. Bb2 a5 18. a4 Rae8 19. Bc3 Rc8 20. Qd3 h6 21. Red1 Rfd8 22. Qd2 Nb4 23. Bxb4 axb4 24. dxc5 bxc5 25. Qe2 f6 26. Re1 f5 27. a5 g5 28. h3 Ra8 29. Ra1 Ra7 30. Ra4 g4 31. Nd2 h5 32. hxg4 fxg4 33. Rh1 h4 34. gxh4 Rf8 35. Qe3 Rc7 36. a6 c4 37. Ra5 c3 38. a7 Ra8 39. Nf1 1-0

[Event "BI-2013-F-0011"]
[Site "LSS email"]
[Date "2014.02.21"]
[Round "?"]
[White "Hatsek, Werner"]
[Black "Lizorkina, Veronika"]
[Result "1/2-1/2"]
[WhiteElo "1887"]
[BlackElo "1918"]
[PlyCount "108"]
[EventDate "2014.02.27"]
[EventType "tourn (corr)"]
[EventRounds "10"]
[EventCountry "GER"]
[SourceTitle "Corr 2015"]
[Source "ChessBase"]
[SourceDate "2015.07.17"]
[SourceVersion "1"]
[SourceVersionDate "2015.07.17"]
[SourceQuality "1"]

1. e4 e6 2. d4 d5 3. Nc3 Nf6 4. e5 Nfd7 5. f4 c5 6. Nf3 Nc6 7. Be3 cxd4 8. Nxd4 Bc5 9. Qd2 0-0 10. 0-0-0 Nxd4 11. Bxd4 a6 12. Kb1 b5 13. Ne2 a5 14. Qe3 Qc7 15. Nc3 Bxd4 16. Qxd4 b4 17. Nb5 Qc5 18. Rc1 Rb8 19. Qxc5 Nxc5 20. Nd4 Bd7 21. Be2 Rfc8 22. Rhe1 Kf8 23. Bf3 a4 24. Re3 Nb7 25. f5 Ke7 26. fxe6 fxe6 27. Be2 Nc5 28. Rg3 g6 29. Rh3 Rh8 30. Bd3 Rbf8 31. Rf1 Rxf1+ 32. Bxf1 h5 33. Kc1 Rc8 34. Be2 Ne4 35. Rf3 g5 36. Bd3 g4 37. Rf1 Ng5 38. Bg6 Rh8 39. Rf6 Rh6 40. Ne2 h4 41. Nf4 h3 42. g3 a3 43. Bf5 Rxf6 44. exf6+ Kxf6 45. Bxg4 Bb5 46. Nxh3 Nxh3 47. Bxh3 e5 48. b3 e4 49. Bg4 d4 50. Kd1 Kg5 51. Be2 Bd7 52. h4+ Kf6 53. Ke1 Bc6 54. g4 Bd5 1/2-1/2

[Event "BI-2013-F-0011"]
[Site "LSS email"]
[Date "2014.02.21"]
[Round "?"]
[White "Pavlicek, Miroslav"]
[Black "Lizorkina, Veronika"]
[Result "0-1"]
[WhiteElo "1553"]
[BlackElo "1918"]
[PlyCount "56"]
[EventDate "2014.02.27"]
[EventType "tourn (corr)"]
[EventRounds "10"]
[EventCountry "GER"]
[SourceTitle "Corr 2015"]
[Source "ChessBase"]
[SourceDate "2015.07.17"]
[SourceVersion "1"]
[SourceVersionDate "2015.07.17"]
[SourceQuality "1"]

1. d4 Nf6 2. c4 g6 3. Nc3 Bg7 4. e4 0-0 5. Nf3 d6 6. h3 e5 7. d5 Nh5 8. Nh2 Qe8 9. Be2 Nf4 10. Bf3 f5 11. 0-0 Na6 12. Re1 Qf7 13. Be3 Nc5 14. Bxc5 dxc5 15. Qb3 c6 16. Rad1 cxd5 17. Nxd5 Ne6 18. Qa3 Bd7 19. b4 cxb4 20. Qxb4 Kh8 21. exf5 gxf5 22. Qxb7 Rad8 23. Nf1 e4 24. Be2 Bd4 25. Qb4 Qg7 26. Qa3 Bc6 27. Nfe3 f4 28. Ng4 Bc5 0-1

[Event "WC-2014-P-00014"]
[Site "LSS email"]
[Date "2014.02.03"]
[Round "?"]
[White "Lizorkina, Veronika"]
[Black "Aberbach Peltzman, Angel Sergio"]
[Result "1/2-1/2"]
[WhiteElo "2166"]
[BlackElo "2137"]
[PlyCount "122"]
[EventDate "2014.02.10"]
[EventType "tourn (corr)"]
[EventRounds "12"]
[EventCountry "GER"]
[SourceTitle "Corr 2022"]
[Source "ChessBase"]
[SourceDate "2021.10.24"]
[SourceVersion "1"]
[SourceVersionDate "2021.10.24"]
[SourceQuality "1"]

1. Nf3 e6 2. e4 c5 3. d4 cxd4 4. Nxd4 a6 5. Bd3 Bc5 6. Nb3 Be7 7. Qg4 g6 8. 0-0 d6 9. Qe2 Nd7 10. Nc3 Qc7 11. f3 b5 12. a4 b4 13. Na2 Rb8 14. Kh1 Bf6 15. Bd2 Bxb2 16. Rab1 Bc3 17. a5 Bxd2 18. Qxd2 Ne5 19. Nxb4 Nxd3 20. cxd3 Ne7 21. Qb2 0-0 22. Rfc1 Qd7 23. Qa3 Qa7 24. Nd2 d5 25. Nb3 Rb5 26. Na2 dxe4 27. dxe4 Rd8 28. h3 Rd3 29. Nb4 Rd7 30. Rc3 Rc7 31. Qc1 Rxc3 32. Qxc3 e5 33. Nd3 Be6 34. Nd2 Rxb1+ 35. Nxb1 Qd7 36. Kh2 Qd6 37. Nb4 Bd7 38. Na3 Kf8 39. Nc4 Qd4 40. Qxd4 exd4 41. Nd2 Nc6 42. Nxc6 Bxc6 43. Nb3 d3 44. Kg3 Ke7 45. Kf4 Ba4 46. Nd2 Kd6 47. Ke3 Bc2 48. Kd4 Kc6 49. Kc4 Bd1 50. e5 Be2 51. f4 Kd7 52. Kc5 Kc7 53. Kd5 Kd7 54. g3 h5 55. Kd4 Kc6 56. Nc4 Bf1 57. h4 Kb5 58. Kc3 Be2 59. Nd6+ Kxa5 60. Nxf7 Kb6 61. Nd6 Kc5 1/2-1/2

[Event "WC-2014-P-00014"]
[Site "LSS email"]
[Date "2014.02.03"]
[Round "?"]
[White "Lizorkina, Veronika"]
[Black "Martins, Karin"]
[Result "1-0"]
[WhiteElo "2166"]
[BlackElo "1758"]
[PlyCount "179"]
[EventDate "2014.02.10"]
[EventType "tourn (corr)"]
[EventRounds "12"]
[EventCountry "GER"]
[SourceTitle "Corr 2022"]
[Source "ChessBase"]
[SourceDate "2021.10.24"]
[SourceVersion "1"]
[SourceVersionDate "2021.10.24"]
[SourceQuality "1"]

1. e4 e5 2. Nf3 Nc6 3. Bb5 a6 4. Ba4 Nf6 5. 0-0 Be7 6. Re1 b5 7. Bb3 d6 8. c3 0-0 9. d4 Bg4 10. Be3 exd4 11. cxd4 Na5 12. Bc2 Nc4 13. Bc1 c5 14. b3 Nb6 15. Nbd2 Nfd7 16. h3 Bh5 17. a4 bxa4 18. bxa4 cxd4 19. a5 Bf6 20. axb6 d3 21. b7 dxc2 22. Qxc2 Rb8 23. Rb1 Nc5 24. Ba3 Rxb7 25. Rxb7 Nxb7 26. e5 Be7 27. Nd4 Bh4 28. N2f3 Bxf3 29. Nxf3 Be7 30. Nd4 Re8 31. Rb1 dxe5 32. Nc6 Qc7 33. Bxe7 Na5 34. Nb4 Qxe7 35. Qa4 Rb8 36. Qxa5 h6 37. Rb2 Qd6 38. Nd3 Rxb2 39. Nxb2 Qd4 40. Na4 Qc4 41. Nc3 f6 42. Qd8+ Kh7 43. Nd5 Qc6 44. Kh2 Qe6 45. g4 Qf7 46. Ne3 Qb7 47. Qd3+ Kh8 48. Nf5 Qb6 49. Kg1 Qb7 50. Qd6 a5 51. Qd8+ Kh7 52. Qxa5 h5 53. Qc3 Qd7 54. Qf3 hxg4 55. hxg4 Qc7 56. Qh1+ Kg8 57. Qa8+ Kh7 58. Qe8 Qc1+ 59. Kg2 Qg5 60. Qh5+ Qxh5 61. gxh5 g6 62. hxg6+ Kxg6 63. Nd6 f5 64. Kg3 Kg5 65. f3 Kf6 66. Nc4 Ke6 67. Kh4 Kf6 68. Kh5 f4 69. Kg4 Ke6 70. Kg5 Kd5 71. Kf5 Kxc4 72. Kxe5 Kc5 73. Kxf4 Kd6 74. Kf5 Ke7 75. Kg6 Kd6 76. f4 Ke7 77. f5 Kf8 78. Kf6 Ke8 79. Kg7 Kd7 80. f6 Ke6 81. f7 Kd5 82. f8Q Kc4 83. Kf6 Kd4 84. Qb4+ Ke3 85. Ke5 Kd3 86. Kf4 Ke2 87. Qd4 Kf1 88. Qd2 Kg1 89. Kg3 Kh1 90. Qe1# 1-0

[Event "WC-2014-P-00014"]
[Site "LSS email"]
[Date "2014.02.03"]
[Round "?"]
[White "Lizorkina, Veronika"]
[Black "Rolle, Hannes"]
[Result "0-1"]
[WhiteElo "2166"]
[BlackElo "2276"]
[PlyCount "120"]
[EventDate "2014.02.10"]
[EventType "tourn (corr)"]
[EventRounds "12"]
[EventCountry "GER"]
[SourceTitle "Corr 2022"]
[Source "ChessBase"]
[SourceDate "2021.10.24"]
[SourceVersion "1"]
[SourceVersionDate "2021.10.24"]
[SourceQuality "1"]

1. Nf3 Nf6 2. d4 g6 3. c4 Bg7 4. Nc3 d5 5. Bf4 0-0 6. e3 c5 7. dxc5 Ne4 8. Rc1 Nd7 9. cxd5 Qa5 10. Be2 Nxc3 11. bxc3 Bxc3+ 12. Kf1 Nxc5 13. h4 Bd7 14. Kg1 Rac8 15. h5 Ne4 16. Bd3 Nf6 17. hxg6 hxg6 18. e4 Qxa2 19. Bb1 Qa5 20. Bd3 Ng4 21. Qe2 e5 22. Be3 Kg7 23. Rc2 a6 24. g3 Rh8 25. Rxh8 Rxh8 26. Bd2 Bxd2 27. Qxd2 Qb6 28. Kg2 Qd6 29. Qa5 b5 30. Ra2 Qc5 31. Qd2 Qb6 32. Qa5 Qxa5 33. Rxa5 Bc8 34. Be2 Bb7 35. Ne1 Nf6 36. f3 Nd7 37. Nd3 f5 38. Ra1 Kf6 39. g4 Ke7 40. gxf5 gxf5 41. Kf2 Kd6 42. Rg1 Rh6 43. Rg5 f4 44. Ke1 a5 45. Kd2 b4 46. Nb2 Kc5 47. Rg7 Bc8 48. Nc4 a4 49. Nb2 a3 50. Nd3+ Kb5 51. Nxe5+ Kb6 52. Rxd7 Bxd7 53. Nxd7+ Kc7 54. Nc5 Kd6 55. Nb3 a2 56. Bd1 Rh2+ 57. Be2 Rg2 58. Na1 Rg1 59. Bd1 Rg8 60. Kc2 Rg2+ 0-1

[Event "WC-2014-P-00014"]
[Site "LSS email"]
[Date "2014.02.03"]
[Round "?"]
[White "Martins, Karin"]
[Black "Lizorkina, Veronika"]
[Result "1-0"]
[WhiteElo "1758"]
[BlackElo "2166"]
[PlyCount "167"]
[EventDate "2014.02.10"]
[EventType "tourn (corr)"]
[EventRounds "12"]
[EventCountry "GER"]
[SourceTitle "Corr 2022"]
[Source "ChessBase"]
[SourceDate "2021.10.24"]
[SourceVersion "1"]
[SourceVersionDate "2021.10.24"]
[SourceQuality "1"]

1. e4 e6 2. d4 d5 3. e5 c5 4. c3 Nc6 5. Nf3 Qb6 6. a3 c4 7. Nbd2 Na5 8. g3 Bd7 9. h4 0-0-0 10. Bh3 h6 11. h5 Kb8 12. 0-0 g5 13. Re1 Ne7 14. Nh2 Bg7 15. Ng4 Qc7 16. Rb1 Rdf8 17. Nf1 f5 18. exf6 Bxf6 19. Qe2 Bg7 20. Ne5 Bc8 21. Nd2 Re8 22. b4 cxb3 23. Nxb3 Nxb3 24. Rxb3 Nc6 25. Nxc6+ Qxc6 26. f4 Bf6 27. fxg5 hxg5 28. Rf1 Bd8 29. Rf7 Qd6 30. Qf3 Ref8 31. Rxf8 Rxf8 32. Qe3 Bc7 33. Kh2 Qd7 34. Bg4 Qf7 35. Qe2 e5 36. Bxc8 Rxc8 37. Kg2 g4 38. Qxg4 Rf8 39. Qe2 e4 40. c4 dxc4 41. Rb5 e3 42. Rg5 c3 43. h6 a6 44. Bxe3 Qe6 45. Qd3 Qa2+ 46. Kg1 c2 47. Qd2 Qb1+ 48. Kg2 Rf1 49. d5 b6 50. h7 Rh1 51. Rf5 Rxh7 52. Rf1 Qb5 53. Qxc2 Qxd5+ 54. Rf3 Qh5 55. Qc1 Qh2+ 56. Kf1 Rd7 57. Rf8+ Kb7 58. Bf4 a5 59. g4 Qh3+ 60. Kf2 Qh4+ 61. Kf3 Qe7 62. Rf5 Rd3+ 63. Be3 Rxa3 64. Qd2 Qh4 65. Qd4 Qe1 66. Rf6 Qf1+ 67. Ke4 Qb5 68. Kf3 Ka7 69. Kf2 Ra2+ 70. Bd2 Qg5 71. Ke2 Rxd2+ 72. Qxd2 Qxf6 73. Qd7 Qf4 74. Kd3 Qd6+ 75. Qxd6 Bxd6 76. g5 b5 77. Kd4 Bf8 78. Ke5 b4 79. g6 b3 80. Kf6 b2 81. g7 Bxg7+ 82. Kg6 b1Q+ 83. Kxg7 a4 84. Kf6 1-0

[Event "WC-2014-P-00014"]
[Site "LSS email"]
[Date "2014.02.03"]
[Round "?"]
[White "Schubert, Steffen"]
[Black "Lizorkina, Veronika"]
[Result "1/2-1/2"]
[WhiteElo "1999"]
[BlackElo "2166"]
[PlyCount "49"]
[EventDate "2014.02.10"]
[EventType "tourn (corr)"]
[EventRounds "12"]
[EventCountry "GER"]
[SourceTitle "Corr 2022"]
[Source "ChessBase"]
[SourceDate "2021.10.24"]
[SourceVersion "1"]
[SourceVersionDate "2021.10.24"]
[SourceQuality "1"]

1. e4 e6 2. d4 d5 3. e5 c5 4. c3 Nc6 5. Nf3 Qb6 6. a3 f6 7. b4 fxe5 8. dxc5 Qc7 9. c4 Nf6 10. cxd5 exd5 11. Nc3 Be6 12. Bb5 a6 13. Bxc6+ bxc6 14. Bb2 Bg4 15. Qe2 Bxf3 16. Qxf3 Be7 17. Na4 e4 18. Qh3 Qd7 19. Qc3 Qe6 20. Nb6 Ra7 21. 0-0 Nh5 22. Qe5 Qxe5 23. Bxe5 0-0 24. g3 Re8 25. Bb2 1/2-1/2

[Event "CP-2012-Q-00006"]
[Site "LSS email"]
[Date "2013.12.17"]
[Round "?"]
[White "Roques, Pascal"]
[Black "Lizorkina, Veronika"]
[Result "1-0"]
[WhiteElo "2226"]
[BlackElo "1918"]
[PlyCount "49"]
[EventDate "2013.12.22"]
[EventType "tourn (corr)"]
[EventRounds "6"]
[EventCountry "GER"]
[SourceTitle "Corr 2015"]
[Source "ChessBase"]
[SourceDate "2015.07.17"]
[SourceVersion "1"]
[SourceVersionDate "2015.07.17"]
[SourceQuality "1"]

1. e4 e6 2. d4 d5 3. Nd2 Nf6 4. e5 Nfd7 5. Bd3 c5 6. c3 Nc6 7. Ngf3 Be7 8. 0-0 a5 9. a4 0-0 10. Re1 cxd4 11. cxd4 Nb4 12. Bb1 Ra6 13. Ra3 Rc6 14. Nf1 Re8 15. Rc3 Nf8 16. h4 Bd7 17. Ng5 Qb6 18. Qh5 Bxg5 19. Bxg5 Rec8 20. Bf6 Ng6 21. Nh2 Rxc3 22. bxc3 Nc2 23. Bxc2 Qb2 24. Bb1 Bxa4 25. Qg5 1-0

[Event "CP-2013-P-00007"]
[Site "LSS email"]
[Date "2013.09.30"]
[Round "?"]
[White "Batres Bianchi, Luis Carlos"]
[Black "Lizorkina, Veronika"]
[Result "0-1"]
[WhiteElo "1228"]
[BlackElo "2170"]
[PlyCount "50"]
[EventDate "2013.10.01"]
[EventType "tourn (corr)"]
[EventRounds "6"]
[EventCountry "GER"]
[SourceTitle "Corr 2022"]
[Source "ChessBase"]
[SourceDate "2021.10.24"]
[SourceVersion "1"]
[SourceVersionDate "2021.10.24"]
[SourceQuality "1"]

1. Nf3 d5 2. b3 Nc6 3. Bb2 Nf6 4. d3 d4 5. Nbd2 e5 6. a3 Nd5 7. Nb1 a5 8. Nbd2 Be6 9. g3 g5 10. Bg2 g4 11. Ng1 h5 12. h3 f5 13. Nf1 h4 14. Qd2 hxg3 15. fxg3 Bh6 16. e3 dxe3 17. Qe2 Nd4 18. Qd1 f4 19. hxg4 e2 20. Nxe2 f3 21. Nxd4 fxg2 22. Nxe6 gxh1Q 23. Nxd8 Ne3 24. Qe2 Ng2+ 25. Kd1 0-0 0-1

[Event "CP-2013-P-00007"]
[Site "LSS email"]
[Date "2013.09.30"]
[Round "?"]
[White "Lizorkina, Veronika"]
[Black "Kapatos, Endre"]
[Result "1-0"]
[WhiteElo "2170"]
[BlackElo "1663"]
[PlyCount "49"]
[EventDate "2013.10.01"]
[EventType "tourn (corr)"]
[EventRounds "6"]
[EventCountry "GER"]
[SourceTitle "Corr 2022"]
[Source "ChessBase"]
[SourceDate "2021.10.24"]
[SourceVersion "1"]
[SourceVersionDate "2021.10.24"]
[SourceQuality "1"]

1. e4 e5 2. Nf3 Nc6 3. Bb5 a6 4. Ba4 Nf6 5. 0-0 Be7 6. Re1 b5 7. Bb3 d6 8. c3 0-0 9. h3 Be6 10. d4 Bxb3 11. axb3 exd4 12. cxd4 Nb4 13. d5 c5 14. dxc6 d5 15. e5 Ne4 16. Nc3 Nxc3 17. bxc3 Nxc6 18. Qd3 h6 19. e6 Bf6 20. Bf4 Re8 21. exf7+ Kxf7 22. Qh7 Bxc3 23. Rxe8 Kxe8 24. Rc1 b4 25. Qg6+ 1-0

[Event "WC-2013-F-00006"]
[Site "LSS email"]
[Date "2013.07.24"]
[Round "?"]
[White "Edwards, KEDG"]
[Black "Lizorkina, Veronika"]
[Result "0-1"]
[WhiteElo "2172"]
[BlackElo "2199"]
[PlyCount "20"]
[EventDate "2013.08.01"]
[EventType "tourn (corr)"]
[EventRounds "10"]
[EventCountry "GER"]
[SourceTitle "Corr 2022"]
[Source "ChessBase"]
[SourceDate "2021.10.24"]
[SourceVersion "1"]
[SourceVersionDate "2021.10.24"]
[SourceQuality "1"]

1. e4 c6 2. d4 d5 3. e5 Bf5 4. Nf3 e6 5. Be2 c5 6. Be3 cxd4 7. Nxd4 Ne7 8. Nd2 Nbc6 9. N2f3 Be4 10. 0-0 Bxf3 0-1

[Event "WC-2013-F-00006"]
[Site "LSS email"]
[Date "2013.07.24"]
[Round "?"]
[White "Jovanovic, Bratislav M"]
[Black "Lizorkina, Veronika"]
[Result "1-0"]
[WhiteElo "2131"]
[BlackElo "2199"]
[PlyCount "91"]
[EventDate "2013.08.01"]
[EventType "tourn (corr)"]
[EventRounds "10"]
[EventCountry "GER"]
[SourceTitle "Corr 2022"]
[Source "ChessBase"]
[SourceDate "2021.10.24"]
[SourceVersion "1"]
[SourceVersionDate "2021.10.24"]
[SourceQuality "1"]

1. e4 c6 2. d4 d5 3. e5 Bf5 4. Nf3 e6 5. a3 c5 6. Bb5+ Nc6 7. 0-0 a6 8. Bxc6+ bxc6 9. Nbd2 h6 10. Re1 a5 11. c4 a4 12. b4 axb3 13. Qxb3 Rb8 14. Qc3 Qc8 15. Nb3 Qa6 16. Na5 Ne7 17. dxc5 Be4 18. Nd4 g5 19. Bd2 Bg7 20. f3 Bg6 21. Ra2 0-0 22. cxd5 exd5 23. Rb2 Kh7 24. g4 Rxb2 25. Qxb2 Ra8 26. Bc3 Qc8 27. Kg2 Rb8 28. Qf2 Rb1 29. h4 Rxe1 30. Qxe1 gxh4 31. Qxh4 Qd7 32. f4 Be4+ 33. Kf2 Qc7 34. Qg3 Qb8 35. Bb4 Qc7 36. Nab3 Ng6 37. Nf5 f6 38. e6 Bxf5 39. gxf5 Ne7 40. Nd4 Qb8 41. Qg4 Qe8 42. Qd1 Qc8 43. a4 Qb8 44. Qd2 h5 45. a5 h4 46. a6 1-0

[Event "WC-2013-F-00006"]
[Site "LSS email"]
[Date "2013.07.24"]
[Round "?"]
[White "Kurpnieks, Vairis"]
[Black "Lizorkina, Veronika"]
[Result "1-0"]
[WhiteElo "2165"]
[BlackElo "2199"]
[PlyCount "79"]
[EventDate "2013.08.01"]
[EventType "tourn (corr)"]
[EventRounds "10"]
[EventCountry "GER"]
[SourceTitle "Corr 2022"]
[Source "ChessBase"]
[SourceDate "2021.10.24"]
[SourceVersion "1"]
[SourceVersionDate "2021.10.24"]
[SourceQuality "1"]

1. e4 c6 2. d4 d5 3. Nc3 dxe4 4. Nxe4 Bf5 5. Ng3 Bg6 6. f4 e6 7. Nf3 Nd7 8. Bd3 Bd6 9. 0-0 Ne7 10. c4 Nf6 11. Qc2 c5 12. f5 exf5 13. d5 f4 14. Bxg6 hxg6 15. Ne4 Nxe4 16. Qxe4 Qc7 17. Ng5 Rh5 18. Nxf7 Kxf7 19. Bxf4 Ke8 20. g4 Rh4 21. Bxd6 Qxd6 22. Qg2 Rh8 23. Rae1 Rf8 24. Re6 Rxf1+ 25. Qxf1 Qd7 26. h3 a5 27. Qf2 Ra6 28. Rxa6 bxa6 29. Qxc5 g5 30. Qxa5 Qa7+ 31. Kg2 Ng6 32. Qe1+ Kf8 33. Qf2+ Nf4+ 34. Kg3 Qxf2+ 35. Kxf2 Nxh3+ 36. Ke3 a5 37. b3 Ke7 38. a3 Nf4 39. b4 a4 40. Kd4 1-0

[Event "WC-2013-F-00006"]
[Site "LSS email"]
[Date "2013.07.24"]
[Round "?"]
[White "Lizorkina, Veronika"]
[Black "Kurpnieks, Vairis"]
[Result "1/2-1/2"]
[WhiteElo "2199"]
[BlackElo "2165"]
[PlyCount "124"]
[EventDate "2013.08.01"]
[EventType "tourn (corr)"]
[EventRounds "10"]
[EventCountry "GER"]
[SourceTitle "Corr 2022"]
[Source "ChessBase"]
[SourceDate "2021.10.24"]
[SourceVersion "1"]
[SourceVersionDate "2021.10.24"]
[SourceQuality "1"]

1. d4 Nf6 2. Bg5 d5 3. e3 Nbd7 4. Nf3 c6 5. Nbd2 e6 6. c4 Bd6 7. Be2 0-0 8. 0-0 h6 9. Bh4 e5 10. cxd5 cxd5 11. dxe5 Nxe5 12. Qb3 Nc6 13. Bxf6 Qxf6 14. Qxd5 Rd8 15. Ne4 Bxh2+ 16. Kxh2 Rxd5 17. Nxf6+ gxf6 18. Rad1 Be6 19. Rxd5 Bxd5 20. b3 Kf8 21. Rc1 a6 22. Nh4 Be6 23. Bf3 Nb4 24. Rc7 Nxa2 25. Bxb7 Ra7 26. Nf3 Nc3 27. Rxc3 Rxb7 28. Nd4 Rb6 29. Kg3 Kg7 30. f3 Kg6 31. Kh4 Rd6 32. Rc7 Rb6 33. Rc1 a5 34. Ra1 Bxb3 35. Rxa5 Be6 36. g4 Rb2 37. Kg3 Rd2 38. Rc5 Ra2 39. e4 Rd2 40. Nc2 Re2 41. Kf4 Rh2 42. Ne3 h5 43. Kg3 Rh1 44. Kg2 Re1 45. gxh5+ Kg7 46. Nf5+ Bxf5 47. Rxf5 Rb1 48. Ra5 Kh6 49. Rd5 Rc1 50. Rf5 Kg7 51. Ra5 Rc8 52. Rb5 Rc1 53. Kg3 Rc8 54. f4 Rc4 55. Kf3 Rc3+ 56. Kg4 Re3 57. e5 fxe5 58. Rxe5 Ra3 59. Rg5+ Kh7 60. Rd5 f6 61. Kf5 Rb3 62. Kxf6 Rb8 1/2-1/2

[Event "RM-2013-0-00118"]
[Site "LSS email"]
[Date "2013.05.01"]
[Round "?"]
[White "Canizares Cuadra, Pedro"]
[Black "Lizorkina, Veronika"]
[Result "1/2-1/2"]
[WhiteElo "2237"]
[BlackElo "2036"]
[PlyCount "60"]
[EventDate "2013.02.18"]
[EventType "tourn (corr)"]
[EventRounds "6"]
[EventCountry "GER"]
[SourceTitle "Telechess CBM 161"]
[Source "ChessBase"]
[SourceDate "2014.07.16"]
[SourceVersion "1"]
[SourceVersionDate "2014.07.16"]
[SourceQuality "1"]

1. e4 c5 2. Nf3 d6 3. d4 cxd4 4. Nxd4 Nf6 5. Nc3 a6 6. Bg5 e6 7. f4 Nbd7 8. Qe2 Qc7 9. 0-0-0 b5 10. a3 Be7 11. g4 Bb7 12. Kb1 h6 13. Bh4 Rc8 14. Rg1 g5 15. fxg5 hxg5 16. Bxg5 Qb6 17. Qe1 Rxc3 18. Bxf6 Nxf6 19. Qxc3 Nxe4 20. Qe1 Bf6 21. c3 Rxh2 22. g5 Nxg5 23. Qg3 Rh6 24. Qe3 Qc5 25. Bg2 Bxg2 26. Rxg2 Qd5 27. Rg4 Be7 28. Qg1 Rg6 29. Qf1 f5 30. Rh4 Bf6 1/2-1/2

[Event "BI-2013-P-00021"]
[Site "LSS email"]
[Date "2013.04.22"]
[Round "?"]
[White "Almeida, Ramiro da Costa"]
[Black "Lizorkina, Veronika"]
[Result "1/2-1/2"]
[WhiteElo "2178"]
[BlackElo "2041"]
[PlyCount "32"]
[EventDate "2013.04.25"]
[EventType "tourn (corr)"]
[EventRounds "10"]
[EventCountry "GER"]
[SourceTitle "Telechess CBM 167"]
[Source "ChessBase"]
[SourceDate "2015.07.13"]
[SourceVersion "1"]
[SourceVersionDate "2015.07.13"]
[SourceQuality "1"]

1. e4 c6 2. d4 d5 3. e5 Bf5 4. Nf3 e6 5. Be2 c5 6. Be3 cxd4 7. Nxd4 Ne7 8. Bg5 Qd7 9. Bxe7 Bxe7 10. Nxf5 exf5 11. Nd2 Nc6 12. Nf3 f6 13. exf6 Bxf6 14. 0-0 Bxb2 15. Rb1 Bf6 16. c4 d4 1/2-1/2

[Event "BI-2013-P-00021"]
[Site "LSS email"]
[Date "2013.04.22"]
[Round "?"]
[White "Garcia, Manuel Valentim Per"]
[Black "Lizorkina, Veronika"]
[Result "1/2-1/2"]
[WhiteElo "1996"]
[BlackElo "2206"]
[PlyCount "27"]
[EventDate "2013.04.25"]
[EventType "tourn (corr)"]
[EventRounds "10"]
[EventCountry "GER"]
[SourceTitle "Corr 2022"]
[Source "ChessBase"]
[SourceDate "2021.10.24"]
[SourceVersion "1"]
[SourceVersionDate "2021.10.24"]
[SourceQuality "1"]

1. d4 Nf6 2. c4 e6 3. Nf3 c5 4. d5 b5 5. cxb5 exd5 6. Bg5 Bb7 7. e3 d6 8. Nc3 Nbd7 9. Be2 Be7 10. 0-0 h6 11. Bf4 Nf8 12. Bg3 Ne6 13. a4 0-0 14. a5 1/2-1/2

[Event "BI-2013-P-00021"]
[Site "LSS email"]
[Date "2013.04.22"]
[Round "?"]
[White "Zonneveld, Will"]
[Black "Lizorkina, Veronika"]
[Result "1/2-1/2"]
[WhiteElo "1833"]
[BlackElo "2041"]
[PlyCount "85"]
[EventDate "2013.04.25"]
[EventType "tourn (corr)"]
[EventRounds "10"]
[EventCountry "GER"]
[SourceTitle "Telechess CBM 167"]
[Source "ChessBase"]
[SourceDate "2015.07.13"]
[SourceVersion "1"]
[SourceVersionDate "2015.07.13"]
[SourceQuality "1"]

1. d4 Nf6 2. c4 e6 3. Nc3 Bb4 4. Nf3 0-0 5. Bd2 c5 6. e3 cxd4 7. exd4 d5 8. a3 Bxc3 9. Bxc3 b6 10. b3 a5 11. Be2 a4 12. bxa4 Nc6 13. Rc1 Ba6 14. Ne5 Rc8 15. 0-0 dxc4 16. Bb4 Re8 17. Bxc4 Bxc4 18. Rxc4 Nxe5 19. Rxc8 Qxc8 20. dxe5 Nd5 21. Qb3 h5 22. Re1 Qa6 23. Re4 Rc8 24. Bd2 Rc6 25. h3 Rc5 26. Qg3 Rc2 27. Rd4 g6 28. Qd3 Qc8 29. a5 bxa5 30. Bxa5 Ra2 31. Bd2 Qb8 32. a4 Qxe5 33. g3 Ra1+ 34. Kh2 Qf6 35. Kg2 Qd8 36. a5 Qa8 37. Kh2 Qa7 38. Qe4 Rd1 39. h4 Kh7 40. Kg2 Qa6 41. Qd3 Qa8 42. Qf3 Kg8 43. Kh2 1/2-1/2